000 00628nam a22001697a 4500
999 _c61125
_d61125
005 20231221112740.0
008 231221s1982 ru ||||| |||| 00| 0 rus d
041 _arus
080 _a821.124-1''3/5'' П-47
245 _aПоздняя латинская поэзия.
264 _aМ.:
_bХудожественная литература,
_c1982.
300 _a719 с.;
_b21 см.
440 _aБиблиотека античной литературы
_920427
653 _aლათინური პოეზია
653 _aანტიკური ლიტერატურა
942 _2udc
_cᲬᲘᲒᲜᲘ